00378pab a2200133 454500008004000000100002800040245007500068260000900143300001400152362000800166650002300174650001200197773003500209180718b2006 xxu||||| |||| 00| 0 eng d aLittle, Peter D. et al. aMoving in place: drought and poverty dynamics in South Wollo, Ethiopia c2006 ap.200-25. aFeb aPoverty - Ethiopia aPoverty aJournal of Development Studies